[Event "Madrid Chamartin op 7th"]
[Site "Madrid"]
[Date "2018.09.08"]
[Round "8"]
[White "Centeno Mateos, Domingo"]
[Black "De la Aldea Martin, Alvaro"]
[Result "1/2-1/2"]
[WhiteElo "1451"]
[BlackElo "1595"]
[PlyCount "89"]
[EventDate "2018.09.03"]
[EventType "swiss"]
[EventRounds "9"]
[EventCountry "ESP"]
[SourceTitle "CBM 187 Extra"]
[Source "ChessBase"]
[SourceDate "2018.11.04"]
[SourceVersion "1"]
[SourceVersionDate "2018.11.04"]
[SourceQuality "1"]

1. d4 Nf6 2. c4 g6 3. Nf3 Bg7 4. Nc3 d6 5. e4 0-0 6. Bd3 Nbd7 7. 0-0 c5 8. Be3 Ng4 9. Ne2 Nxe3 10. fxe3 cxd4 11. exd4 Qb6 12. Qb3 Qa5 13. Kh1 Nf6 14. Nf4 Rb8 15. Qc3 Qc7 16. h3 b6 17. e5 dxe5 18. dxe5 Ne8 19. Rae1 Bb7 20. Nd5 Qd7 21. Be4 Nd6 22. Bd3 b5 23. b3 Rbc8 24. Qb4 Bxd5 25. cxd5 Nf5 26. Bxf5 gxf5 27. Rd1 Rc2 28. a4 bxa4 29. bxa4 Rfc8 30. Qb1 Qxa4 31. Rc1 Qc4 32. Rxc2 Qxc2 33. Qa1 Qc4 34. Rd1 Rc7 35. Rd4 Qc1+ 36. Rd1 Qxa1 37. Rxa1 Kf8 38. Ra6 Ke8 39. Kh2 h6 40. Kg3 Rd7 41. Ra5 e6 42. dxe6 fxe6 43. Kh4 Kf7 44. Kh5 Bf8 45. Ra6 1/2-1/2

[Event "Madrid Chamartin op 7th"]
[Site "Madrid"]
[Date "2018.09.03"]
[Round "1"]
[White "Bustos Bernardo, Samuel"]
[Black "De la Aldea Martin, Alvaro"]
[Result "1-0"]
[WhiteElo "2131"]
[BlackElo "1595"]
[PlyCount "89"]
[EventDate "2018.09.03"]
[EventType "swiss"]
[EventRounds "9"]
[EventCountry "ESP"]
[SourceTitle "CBM 187 Extra"]
[Source "ChessBase"]
[SourceDate "2018.11.04"]
[SourceVersion "1"]
[SourceVersionDate "2018.11.04"]
[SourceQuality "1"]

1. Nf3 d5 2. d4 Nf6 3. c4 c6 4. Nc3 g6 5. Bf4 Bg7 6. e3 0-0 7. Be2 Nbd7 8. h3 Re8 9. 0-0 Nf8 10. Rc1 Be6 11. Ng5 Qa5 12. Qb3 Qb6 13. Qa3 h6 14. Nxe6 Nxe6 15. Be5 Qd8 16. Qb3 Qd7 17. Qc2 Rad8 18. c5 Ng5 19. f4 Nge4 20. Bd3 Ng3 21. Rf3 Nfh5 22. Bxg7 Kxg7 23. Qf2 f5 24. Rxg3 Nxg3 25. Qxg3 e6 26. Nb1 Kh7 27. Nd2 b6 28. cxb6 axb6 29. Nf3 c5 30. Ne5 Qg7 31. dxc5 Rc8 32. c6 g5 33. Rc3 Rg8 34. h4 gxh4 35. Qxg7+ Rxg7 36. Kh2 Rg3 37. Ba6 Rcg8 38. Rc2 h3 39. gxh3 Rxe3 40. c7 Rgg3 41. c8Q Rxh3+ 42. Kg2 Reg3+ 43. Kf2 Rg7 44. Rc7 Rh2+ 45. Ke3 1-0

[Event "Madrid Chamartin op 6th"]
[Site "Madrid"]
[Date "2017.09.07"]
[Round "5"]
[White "Zhou, Lulu"]
[Black "De la Aldea Martin, Alvaro"]
[Result "1-0"]
[WhiteElo "1928"]
[BlackElo "1605"]
[PlyCount "81"]
[EventDate "2017.09.04"]
[EventType "swiss"]
[EventRounds "9"]
[EventCountry "ESP"]
[SourceTitle "CBM 180 Extra"]
[Source "ChessBase"]
[SourceDate "2017.10.06"]
[SourceVersion "1"]
[SourceVersionDate "2017.10.06"]
[SourceQuality "1"]

1. e4 e5 2. Nf3 Nc6 3. Bb5 Nf6 4. 0-0 d6 5. d4 exd4 6. Nxd4 Bd7 7. Nc3 Be7 8. Re1 0-0 9. Bf1 Ne5 10. f4 Ng6 11. h3 a6 12. a4 c5 13. Nf3 Bc6 14. Nd5 Nxd5 15. exd5 Bd7 16. Bd3 f5 17. g3 Rc8 18. c3 c4 19. Bf1 Bf6 20. Be3 b5 21. axb5 Bxb5 22. Bd4 Qd7 23. Bxf6 Rxf6 24. Nd4 Nf8 25. Bg2 Qf7 26. Qd2 Rg6 27. Qf2 Rf6 28. Nxb5 axb5 29. Qb6 Rc5 30. Ra5 Qg6 31. Kh2 h5 32. h4 Rf7 33. Rxb5 Nd7 34. Qd8+ Kh7 35. Rxc5 Nxc5 36. Re8 Qf6 37. Rh8+ Kg6 38. Qg8 Rb7 39. Qh7+ Kf7 40. Qxh5+ Ke7 41. Qe8# 1-0

[Event "Madrid Chamartin op 6th"]
[Site "Madrid"]
[Date "2017.09.05"]
[Round "2"]
[White "Cerioni Serret, Luca"]
[Black "De la Aldea Martin, Alvaro"]
[Result "0-1"]
[WhiteElo "1419"]
[BlackElo "1605"]
[PlyCount "46"]
[EventDate "2017.09.04"]
[EventType "swiss"]
[EventRounds "9"]
[EventCountry "ESP"]
[SourceTitle "CBM 180 Extra"]
[Source "ChessBase"]
[SourceDate "2017.10.06"]
[SourceVersion "1"]
[SourceVersionDate "2017.10.06"]
[SourceQuality "1"]

1. d4 Nf6 2. Nf3 g6 3. Bf4 Bg7 4. e3 0-0 5. c3 d6 6. Nbd2 Nbd7 7. Qc2 Qe8 8. 0-0-0 Nb6 9. Ne4 Nbd5 10. h4 Nh5 11. g3 Bf5 12. Bh3 Qd7 13. Bxf5 Qxf5 14. Rhg1 Nhxf4 15. gxf4 h6 16. Ng3 Qd7 17. h5 Qg4 18. Qe4 Nf6 19. Qxb7 Rab8 20. Qxc7 Qxf3 21. hxg6 fxg6 22. Qxe7 Qxf2 23. Nf5 Qxb2# 0-1

[Event "Madrid Chamartin op 6th"]
[Site "Madrid"]
[Date "2017.09.04"]
[Round "1"]
[White "De la Aldea Martin, Alvaro"]
[Black "Fernandez Alvarez, Luis"]
[Result "0-1"]
[WhiteElo "1605"]
[BlackElo "2088"]
[PlyCount "58"]
[EventDate "2017.09.04"]
[EventType "swiss"]
[EventRounds "9"]
[EventCountry "ESP"]
[SourceTitle "CBM 180 Extra"]
[Source "ChessBase"]
[SourceDate "2017.10.06"]
[SourceVersion "1"]
[SourceVersionDate "2017.10.06"]
[SourceQuality "1"]

1. d4 Nf6 2. c4 d6 3. Nc3 e5 4. Bg5 exd4 5. Qxd4 Be7 6. Nf3 0-0 7. e3 Nbd7 8. Be2 Re8 9. 0-0-0 Nc5 10. h3 Ne6 11. Qd3 Nxg5 12. Nxg5 h6 13. Nge4 Nxe4 14. Nxe4 Bf8 15. Ng3 Qf6 16. Bf3 Rb8 17. Qb3 Bd7 18. Rd4 b5 19. c5 Be6 20. Bd5 dxc5 21. Rf4 Qe5 22. Bxe6 Qxe6 23. Qc2 Qxa2 24. Qf5 g6 25. Qc2 Bg7 26. Ne4 Qa1+ 27. Kd2 Red8+ 28. Ke2 Qxh1 29. Qxc5 Qd1# 0-1